10 Countries That Come Before Zimbabwe Alphabetically - Statistics

General Stats
  • This quiz has been taken 62 times
  • The average score is 9 of 10
Answer Stats
Answer % Correct
Zambia
100%
United States
95%
Venezuela
95%
Vanuatu
93%
Yemen
93%
United Kingdom
91%
Vatican City
91%
Uzbekistan
88%
Uruguay
84%
Vietnam
79%
No matching quizzes found
Score Distribution
Percent of People with Each Score
Percentile by Number Answered
Your Score History
You have not taken this quiz